[Event "Madrid-ch Previa-B"]
[Site "Madrid"]
[Date "2020.02.07"]
[Round "2"]
[White "Rodriguez Torres, Manuel"]
[Black "Ramirez, Luis Fernando"]
[Result "1-0"]
[WhiteElo "1595"]
[BlackElo "1718"]
[PlyCount "83"]
[EventDate "2020.02.06"]
[EventType "swiss"]
[EventRounds "9"]
[EventCountry "ESP"]
[SourceTitle "CBM 195 Extra"]
[Source "ChessBase"]
[SourceDate "2020.05.31"]
[SourceVersion "1"]
[SourceVersionDate "2020.05.31"]
[SourceQuality "1"]

1. e4 e5 2. Nf3 Nc6 3. Bb5 a6 4. Ba4 Nf6 5. 0-0 Be7 6. Re1 b5 7. Bb3 d6 8. h3 0-0 9. c3 Na5 10. Bc2 c5 11. d4 Qc7 12. d5 h6 13. Nbd2 c4 14. a4 Nh7 15. axb5 axb5 16. b4 cxb3 17. Nxb3 Bd7 18. Nxa5 Rxa5 19. Rxa5 Qxa5 20. Bd2 Rc8 21. Qb1 Ng5 22. Nh4 Nxh3+ 23. gxh3 Bxh4 24. Kh2 Ra8 25. Re2 Qa3 26. Bd3 Qc5 27. Qg1 Kf8 28. Qc1 g5 29. Be3 Qc8 30. Qf1 Qxc3 31. Rc2 Qb3 32. Qe2 Ra3 33. Rc7 Ke8 34. Qf3 f5 35. Rxd7 Kxd7 36. Qxf5+ Kc7 37. Qf7+ Kb8 38. Qe8+ Kb7 39. Qc6+ Kb8 40. Qxd6+ Kb7 41. Qd7+ Ka8 42. Qc8# 1-0